Passé Composé - Statystyki

Ogólne statystyki
  • Ten quiz został rozwiązany 51 razy
  • Średni wynik to 13 z 17
Statystyki odpowiedzi
Hint Odpowiedź % Poprawnych
Rentrer Rentré
90%
Aller Allé
87%
Arriver Arrivé
84%
Entrer Entré
84%
Passer Passé
84%
Rester Resté
84%
Tomber Tombé
84%
Monter Monté
81%
Partir Parti
81%
Sortir Sorti
81%
Venir Venu
77%
Revenir Revenu
68%
Devenir Devenu
65%
Naître
65%
Descendre Descendu
61%
Mourir Mort
61%
Apparaître Apparu
19%
Nie znaleziono quizów pasujących do podanych kryteriów
Rozkład punktacji
Procent ludzi z każdym wynikiem
Percentyl według liczby udzielonych odpowiedzi
Twoja historia wyników
Nie rozwiązałeś tego quizu